| 000 | 00738cam a2200205 i 4500 | ||
|---|---|---|---|
| 999 |
_c7651 _d7651 |
||
| 003 | OSt | ||
| 005 | 20200317122227.0 | ||
| 008 | 170609s2018 nyuab b 001 0 eng | ||
| 020 | _a9781138692138 (hardback) | ||
| 040 |
_aDLC _beng _erda _cDLC _dDLC |
||
| 082 | 0 | 0 |
_a720.103 _223 _bMIT |
| 100 | 1 |
_aMitchell, Maurice, _eauthor. |
|
| 245 | 1 | 0 |
_aLoose fit city : _bthe contribution of bottum-up architecture to urban design and planning / _cMaurice Mitchell and Bo Tang. |
| 300 |
_axviii, 234 pages : _billustrations, maps ; _c26 cm |
||
| 504 | _aIncludes bibliographical references (pages 217-222) and index. | ||
| 650 | 0 | _aArchitecture and society. | |
| 650 | 0 | _aCity planning. | |
| 700 | 1 |
_aTang, Bo _q(Bo Ming), _d1983- _eauthor. |
|
| 942 | _2ddc | ||